000 00693nam a2200289Ia 4500
005 20260324144657.0
008 008 260324s9999 xx 000 0 eng d
020 _a9780429307584
037 _aEBOOK
040 _aCRL
040 _beng
040 _cCRL
041 _2eng
041 _aeng
084 _qCRL
100 _aMichael Vlahos
_91220207
245 0 _aStrategic Defense And The American Ethos
245 0 _bCan The Nuclear World Be Changed?
260 _bTaylor and Francis
260 _c1987
365 _a
365 _b220
856 _uhttp://www.taylorfrancis.com/books/9780429307584
942 _cEBOOK
999 _c1827114
_d1827114